|
|
|
|
| LEADER |
00000nam0a2200000 4500 |
| 001 |
375070 |
| 005 |
20231102012713.0 |
| 010 |
|
|
|a 5120017193
|
| 020 |
|
|
|a RU
|b 90-35518
|
| 035 |
|
|
|a (RuTPU)RU\TPU\retro\32505
|
| 035 |
|
|
|a RU\TPU\book\250921
|
| 090 |
|
|
|a 375070
|
| 100 |
|
|
|a 20221220d1990 k y0rusy5003 ca
|
| 101 |
0 |
|
|a rus
|
| 102 |
|
|
|a UA
|
| 105 |
|
|
|a a z 001zy
|
| 200 |
1 |
|
|a Краевые задачи математической физики
|e сборник научных трудов
|f Академия наук Украинской ССР (АН УССР), Институт геофизики; под ред. В. А. Даниленко
|
| 210 |
|
|
|a Киев
|c Наукова думка
|d 1990
|
| 215 |
|
|
|a 164 с.
|c ил.
|
| 320 |
|
|
|a Библиогр. в конце статей
|
| 606 |
1 |
|
|a Математическая физика
|2 stltpush
|3 (RuTPU)RU\TPU\subj\41221
|9 61028
|
| 610 |
1 |
|
|a математическая физика
|
| 610 |
1 |
|
|a краевые задачи
|
| 610 |
1 |
|
|a решение
|
| 610 |
1 |
|
|a построение
|
| 610 |
1 |
|
|a уравнения
|
| 610 |
1 |
|
|a волновые процессы
|
| 610 |
1 |
|
|a импульсные нагрузки
|
| 675 |
|
|
|a 53:51
|v 3
|
| 702 |
|
1 |
|a Даниленко
|b В. А.
|4 340
|
| 712 |
0 |
2 |
|a Академия наук Украинской ССР (АН УССР)
|b Институт геофизики
|2 stltpush
|3 (RuTPU)RU\TPU\col\13865
|
| 801 |
|
0 |
|a RU
|b RuMRKP
|c 19960705
|g psbo
|
| 801 |
|
1 |
|a RU
|b 63413507
|c 20130118
|
| 801 |
|
2 |
|a RU
|b 63413507
|c 20221220
|g RCR
|
| 942 |
|
|
|c BK
|